Calciatori nazionale italiana (esordio 2000-2009) - Statistics

Statistiche generali
  • Questo quiz è stato fatto 33 volte
  • Il punteggio medio è 25 su 62
Statistiche sulle risposte
Presenze Reti Anno esordio Anno ultimo incontro Presenze per club di appartenenza Calciatore % Corretto
117 8 2004 2022 5   Fiorentina, 112   Juventus Giorgio Chiellini
100%
73 0 2004 2017 23   Palermo, 2   Wolfsburg, 48   Juventus Andrea Barzagli
93%
117 21 2004 2017 Roma Daniele De Rossi
93%
116 13 2002 2015 74   Milan, 41   Juventus, 1   New York City Andrea Pirlo
89%
42 11 2002 2012 4   Empoli, 38   Udinese Antonio Di Natale
89%
47 16 2004 2009 10   Palermo, 17   Fiorentina, 20   Bayern Monaco Luca Toni
89%
39 10 2003 2014 8   Roma, 2   Real Madrid, 10   Sampdoria, 15   Milan, 4   Parma Antonio Cassano
86%
55 5 2009 2017 Juventus Claudio Marchisio
82%
48 4 2003 2009 3   Perugia, 20   Palermo, 2   Inter, 20   Olympique Lione, 3   Juventus Fabio Grosso
82%
41 2 2001 2008 2   Perugia, 39   Inter Marco Materazzi
79%
73 1 2000 2010 Milan Gennaro Gattuso
75%
57 19 2004 2013 6   Parma, 19   Milan, 22   Fiorentina, 8   Bologna, 2   Genoa Alberto Gilardino
71%
30 7 2008 2014 27   Villarreal, 3   Fiorentina Giuseppe Rossi
71%
28 9 2007 2019 6   Sampdoria, 11   Udinese, 8   Napoli, 3   Juventus Fabio Quagliarella
68%
55 5 2003 2010 Juventus Mauro Camoranesi
68%
26 0 2009 2018 17   Genoa, 9   Zenit San Pietroburgo Domenico Criscito
64%
48 2 2002 2009 19   Chievo, 29   Roma Simone Perrotta
61%
66 2 2007 2017 37   Fiorentina, 29   Milan Riccardo Montolivo
57%
34 0 2008 2014 Napoli Christian Maggio
54%
6 3 2005 2007 4   Livorno, 2   Šachtar Cristiano Lucarelli
50%
10 2 2003 2004 4   Perugia, 4   Juventus, 2   Fiorentina Fabrizio Miccoli
50%
23 0 2008 2011 18   Udinese, 5   Juventus Simone Pepe
50%
40 6 2005 2010 17   Udinese, 23   Juventus Vincenzo Iaquinta
50%
38 5 2006 2014 11   Roma, 6   Liverpool, 4   Milan, 17   Fiorentina Alberto Aquilani
46%
9 -8 2005 2009 6   Livorno, 3   Palermo Marco Amelia
46%
17 1 2004 2007 Palermo Cristian Zaccardo
43%
11 -11 2009 2013 8   Cagliari, 3   Lazio Federico Marchetti
43%
34 1 2002 2008 25   Lazio, 9   Milan Massimo Oddo
43%
16 1 2004 2006 15   Palermo, 1   Torino Simone Barone
43%
54 7 2009 2018 2   Livorno, 38   Lazio, 14   Inter Antonio Candreva
39%
25 4 2009 2012 14   Sampdoria, 10   Inter, 1   Milan Giampaolo Pazzini
39%
6 -6 2005 2013 2   Udinese, 1   Galatasaray, 3   Napoli Morgan De Sanctis
39%
22 0 2006 2011 Sampdoria Angelo Palombo
36%
7 1 2001 2002 Atalanta Cristiano Doni
32%
7 0 2008 2011 2   Genoa, 3   Milan, 2   Roma Marco Borriello
32%
8 0 2009 2013 6   Inter, 1   Cesena, 1   Newcastle Utd Davide Santon
29%
17 0 2000 2002 6   Milan, 9   Barcellona, 2   Inter Francesco Coco
29%
14 2 2001 2004 4   Parma, 8   Juventus, 2   Valencia Marco Di Vaio
29%
10 0 2007 2009 1   Udinese, 9   Liverpool Andrea Dossena
25%
38 2 2000 2004 18   Udinese, 17   Lazio, 3   Valencia Stefano Fiore
21%
15 0 2007 2012 1   Juventus, 5   Palermo, 9   Milan Antonio Nocerino
18%
17 1 2001 2004 Inter Cristiano Zanetti
18%
5 0 2000 2004 3   Fiorentina, 2   Inter Daniele Adani
18%
8 0 2004 2005 Juventus Manuele Blasi
18%
16 1 2002 2009 5   Chievo, 11   Juventus Nicola Legrottaglie
18%
5 0 2009 2009 Udinese Gaetano D'Agostino
14%
11 0 2006 2015 Fiorentina Manuel Pasqual
14%
6 0 2003 2009 2   Parma, 1   Juventus, 3   Fiorentina Marco Marchionni
14%
6 0 2004 2006 Cagliari Mauro Esposito
14%
13 2 2003 2004 12   Lazio, 1   Valencia Bernardo Corradi
11%
16 0 2001 2008 2   Brescia, 9   Parma, 5   Milan Daniele Bonera
11%
5 0 2009 2010 Genoa Salvatore Bocchetti
11%
11 0 2004 2011 2   Udinese, 9   Lazio Stefano Mauri
11%
8 0 2007 2011 Fiorentina Alessandro Gamberini
7%
6 0 2005 2006 3   Udinese, 3   Palermo David Di Michele
7%
5 0 2005 2008 2   Lecce, 3   Roma Marco Cassetti
7%
6 0 2002 2004 Juventus Alessandro Birindelli
4%
6 0 2002 2004 Bologna Carlo Nervo
4%
11 0 2002 2004 Parma Matteo Ferrari
4%
13 1 2004 2007 12   Sampdoria, 1   Palermo Aimo Diana
0%
5 0 2001 2002 Atalanta Luciano Zauri
0%
11 0 2009 2012 8   Palermo, 3   Fiorentina Mattia Cassani
0%
Nessun quiz corrispondente trovato
Distribuzione punteggi
Percentuale di utenti per punteggio
Percentile per numero di risposta
I tuoi punteggi nel tempo
Non hai fatto questo quiz